Normal view MARC view
  • BHATT, VIJAY

Entry Personal Name

Number of records used in: 1

001 - CONTROL NUMBER

  • control field: 6878

003 - CONTROL NUMBER IDENTIFIER

  • control field: OSt

005 - DATE AND TIME OF LATEST TRANSACTION

  • control field: 20210904131449.0

008 - FIXED-LENGTH DATA ELEMENTS

  • fixed length control field: 210904|| aca||aabn | a|a d

040 ## - CATALOGING SOURCE

  • Original cataloging agency: OSt
  • Transcribing agency: OSt

100 ## - HEADING--PERSONAL NAME

  • Personal name: BHATT, VIJAY

670 ## - SOURCE DATA FOUND

  • Source citation: Work cat.: (OSt)7423: BHATT, VIJAY, INDIAN BAR REVIEW [Vol.44] (4)2017 ,OCTOBER TODECEMBER), 2017